La grammaire est une chanson douce / (Record no. 3673)
[ view plain ]
| 000 -LEADER | |
|---|---|
| fixed length control field | 01860cam a2200265 a 4500 |
| 001 - CONTROL NUMBER | |
| control field | 3673 |
| 003 - CONTROL NUMBER IDENTIFIER | |
| control field | FISKH |
| 005 - DATE AND TIME OF LATEST TRANSACTION | |
| control field | 20240408133507.0 |
| 008 - FIXED-LENGTH DATA ELEMENTS--GENERAL INFORMATION | |
| fixed length control field | 010905s2001 fr a 000 1 fre |
| 010 ## - LIBRARY OF CONGRESS CONTROL NUMBER | |
| LC control number | 2001442880 |
| 020 ## - INTERNATIONAL STANDARD BOOK NUMBER | |
| International Standard Book Number | 2234054036 |
| 020 ## - INTERNATIONAL STANDARD BOOK NUMBER | |
| International Standard Book Number | 9782253149101 |
| 035 ## - SYSTEM CONTROL NUMBER | |
| System control number | (FrPJT)JTL00073583 |
| 040 ## - CATALOGING SOURCE | |
| Original cataloging agency | DLC |
| Transcribing agency | DLC |
| Language of cataloging | eng |
| Modifying agency | FISKH |
| 050 00 - LIBRARY OF CONGRESS CALL NUMBER | |
| Classification number | PQ2675.R7 |
| Item number | G7 2001 |
| 082 ## - DEWEY DECIMAL CLASSIFICATION NUMBER | |
| Classification number | 843.914 |
| 100 1# - MAIN ENTRY--PERSONAL NAME | |
| Personal name | Orsenna, Erik, |
| Dates associated with a name | 1947- |
| 245 13 - TITLE STATEMENT | |
| Title | La grammaire est une chanson douce / |
| Statement of responsibility, etc. | Erik Orsenna. |
| 260 ## - PUBLICATION, DISTRIBUTION, ETC. | |
| Place of publication, distribution, etc. | Paris : |
| Name of publisher, distributor, etc. | Stock, |
| Date of publication, distribution, etc. | c2001. |
| 300 ## - PHYSICAL DESCRIPTION | |
| Extent | 135 pages : |
| Other physical details | color illustrations ; |
| Dimensions | 22 cm. |
| 520 ## - SUMMARY, ETC. | |
| Summary, etc. | At the heart of its message is an impassioned plea for the magic and power of words. Jeanne, the tough-minded ten-year-old narrator, and Thomas, fourteen, are traveling to America on an ocean liner to visit their mother when a violent storm sinks their ship and tosses them up on an island. They are unhurt, but the shock of the experience leaves them without the ability to speak. Taken into the care of Monsieur Henri, an elderly islander, Jeanne and Thomas discover that the island is unlike any place they've ever been. There is the Word Market, where Monsieur Henri visits the Poets' and Song-Writers' Corner to see if they have any rhymes for sweet and mom. At town hall, pairs of words are married by the mayor. And Jeanne sneaks off to the Vocabulary of Love Shop, where a woman whose husband has left her wants to buy "a word that will make him understand how hurt I am, a mighty word that will make him ashamed." A celebration of language in all its forms, Grammar Is a Sweet, Gentle Song will delight confirmed word-lovers and inspire the uninitiated with the pleasures of the spoken and written word. |
| 906 ## - LOCAL DATA ELEMENT F, LDF (RLIN) | |
| a | 7 |
| b | cbc |
| c | origres |
| d | 4 |
| e | ncip |
| f | 20 |
| g | y-gencatlg |
| 942 ## - ADDED ENTRY ELEMENTS (KOHA) | |
| Source of classification or shelving scheme | Dewey Decimal Classification |
| Koha item type | Books |
| Suppress in OPAC | No |
| Withdrawn status | Lost status | Source of classification or shelving scheme | Damaged status | Not for loan | Collection | Home library | Current library | Shelving location | Date acquired | Total Checkouts | Full call number | Barcode | Date last seen | Price effective from | Koha item type |
|---|---|---|---|---|---|---|---|---|---|---|---|---|---|---|---|
| Dewey Decimal Classification | Fiction | Footprints International School Library Network Toul Kork Campus | Footprints International School Library Network Toul Kork Campus | TK Floor 4 Rear Hallway Shelf 1 (Adult/Secondary Foriegn Language/Khmer) | 04/08/2024 | ORS 843.914 PQ2675.R7 | 2024-0476 | 04/08/2024 | 04/08/2024 | Books |
